A Római Szent birodalmi Széki gróf Teleki család gyömrői levéltára = Archivum Gyömröense gentis comitum Teleki de Szék

Elmentve itt :
Bibliográfiai részletek
Szerző: Iványi Béla
Dokumentumtípus: Könyv
Megjelent: gr. Teleki család gyömrői ága Szeged 1937
Kulcsszavak:Teleki család - Széki, Családtörténet - magyar - 19. sz.
Tárgyszavak:
Online Access:http://misc.bibl.u-szeged.hu/76117
LEADER 00770nam a2200181 i 4500
001 misc76117
005 20260318154632.0
008 260313s1937 hu o 000 hun d
040 |a SZTE Miscellanea Repozitórium  |b hun 
041 |a hun 
100 1 |a Iványi Béla 
245 1 2 |a A Római Szent birodalmi Széki gróf Teleki család gyömrői levéltára = Archivum Gyömröense gentis comitum Teleki de Szék  |h [elektronikus dokumentum] /  |c  Iványi Béla 
260 |a gr. Teleki család gyömrői ága  |b Szeged  |c 1937 
300 |a 503  |c 23 cm 
650 4 |a Bölcsészettudományok 
650 4 |a Történettudomány és régészet 
695 |a Teleki család - Széki, Családtörténet - magyar - 19. sz. 
856 4 0 |u http://misc.bibl.u-szeged.hu/76117/1/B_83857.pdf  |z Dokumentum-elérés